000 00960nas a2200301 4500
001 BR0801986
003 BR-BrBNA
005 20231205111856.0
007 ta
008 230509b bl.|||p| |||| 00| 00por d
040 _aBR-BrBNA
_bpor
_cBiblioteca Nacional de Agricultura
041 _a(Pt)
072 _aH10
100 1 _aSilva, A.L. da
100 1 _aVeloso,V. da R.S.
100 1 _aGomes, M.A.N.
100 1 _aRocha, M.R. da
245 1 _aControle químico do ácaro branco Polyphagotarsonemus latus (Banks, 1904)(Acari: Tarsonomidae)em algodoeiro
650 _aALGODÃO
650 _aÁCARO BRANCO
650 _aACARICIDA
650 _aCONTROLE QUÍMICO
650 _aSANTA HELENA
650 _aGOIÁS
773 0 _tAnais da Escola de Agronomia e Veterinária - Universidade Federal de Goiás (Brazil)
_xISSN 0100-218X
_g(Jan-Dec 1989), v. 19(1) p. 17-21
_wBR0801986
909 _a202311
_bLúcia
_c55
_dLúcia Elande
942 _2AGRIS
_n0
_cANA
999 _c194912
_d194912